| 000 | 00962cab a2200289 4500 | ||
|---|---|---|---|
| 001 | ABS58795 | ||
| 008 | 090401t1998 xxu||||| |||| 00| 0 eng d | ||
| 035 | _a(Sirsi) u86251 | ||
| 041 | _aeng | ||
| 100 | _aHowells, B. | ||
| 245 | _aHeld to ransom | ||
| 260 | _c1998 | ||
| 350 | _a0 | ||
| 490 |
_aIRRV Insight _v(3) April 1998, 86-87(2) |
||
| 520 | _aTries to untangle the difficult issue of valuing ransoms, accounting for various court rulings since "Stokes v Cambridge". For further information please email Bryn Howells on: [email protected] | ||
| 650 | _aACCESS ROAD | ||
| 650 | _aACCESS TO LAND | ||
| 650 |
_aCompulsory purchase _96228 |
||
| 650 | _aPOINTE GOURDE QUARRYING AND TRANSPORT CO LTD V CROWN LANDS SUPERINTENDENT | ||
| 650 | _aRANSOM STRIPS | ||
| 650 | _aRANSOM VALUE | ||
| 650 | _aSTOKES V CAMBRIDGE | ||
| 650 | _aVALUATION METHODS | ||
| 690 | _aRATING AND VALUATION | ||
| 942 | _n0 | ||
| 948 | _c15/05/1998 | ||
| 999 |
_c54262 _d54262 |
||